000
00386nam a22001697a 4500
003
MPLRDC
005
20220104123537.0
008
210129b ||||| |||| 00| 0 eng d
082
_a
414 MX
100
_a
孟诜、张鼎撰
245
_a
食疗本草
_c
250
_a
一版二刷
260
_a
_b
人民卫生出版社
_c
1986
300
_b
平
650
_a
942
_c
BK
_o
414 MX
999
_c
12262
_d
12252